000 00607nam a2200253Ia 4500
005 20260121161003.0
008 008 260114s9999 xx 000 0 eng d
020 _a9780203816066
037 _aEBOOK
040 _aCRL
040 _beng
040 _cCRL
041 _2eng
041 _aeng
084 _qCRL
100 _a Nancy J. Chodorow
_91038805
245 0 _aIndividualizing Gender and Sexuality
260 _bTaylor and Francis
260 _c2011
856 _uhttp://www.taylorfrancis.com/books/9780203816066
942 _cEBOOK
999 _c1605621
_d1605621